000 00513nam a22001697a 4500
003 Ost
005 20260407113108.0
008 260407b |||||||| |||| 00| 0 eng d
020 _a9780007114535
040 _cDonated
082 _21st
_a658/Ken
_bSBPIMD296
100 _aKen,Blanchard Hybels,Bill Hodges,Phil
_94987
245 _aLeadership by the Book
_bTools to transform Your Workplace
_hEnglish
260 _aIndia
_bHarper Collins Publishers
_c2001
300 _a220
942 _2ddc
_cDBK
_e1st
_k658
_mKen
_n0
999 _c203470
_d203470